| 000 | 00351nam a22001337a 4500 | ||
|---|---|---|---|
| 040 | _cNUST | ||
| 082 |
_a343.68 _bMOD |
||
| 100 |
_aForenz, Thomas _9118663 |
||
| 245 |
_aAviation Legislation : _bModule 10 / _cThomas Forenz |
||
| 260 |
_aUnited States : _bAircraft Technical Book Company; _c2016. |
||
| 300 | _a135p. | ||
| 521 | _bHB | ||
| 942 |
_2ddc _cBK |
||
| 999 |
_c606844 _d606844 |
||